La responsabilidad civil deportiva /
Guardado en:
| Autor Principal: | |
|---|---|
| Otros Autores: | |
| Formato: | Libro |
| Idioma: | Spanish |
| Publicado: |
Santa fe :
Rubinzal Culzoni,
2015.
|
| Edición: | 1a. ed. |
| Materias: | |
| Etiquetas: |
Agregar Etiqueta
Sin Etiquetas, Sea el primero en etiquetar este registro!
|
| LEADER | 00614nam a22001815a 4500 | ||
|---|---|---|---|
| 001 | DER.der014169 | ||
| 008 | 190926s2015####ag############000#0#spa#d | ||
| 005 | 20251203152713.0 | ||
| 245 | 1 | 0 | |a La responsabilidad civil deportiva / |c Enrique Máximo Pita ; con prólogo de Roberto Antonio Vázquez Ferreyra. |
| 250 | |a 1a. ed. | ||
| 260 | |a Santa fe : |b Rubinzal Culzoni, |c 2015. | ||
| 300 | |a 507 p. | ||
| 020 | |a 9789873005411 | ||
| 100 | 1 | |a Pita, Enrique Máximo. | |
| 700 | 1 | |a Vázquez Ferreyra, Roberto Antonio, |e prol. | |
| 653 | |a DERECHO CIVIL | ||
| 653 | |a RESPONSABILIDAD CIVIL | ||
| 859 | |a DERECHO |b BIB. DERECHO |h 346 |i PIT |p 009414 | ||
